000 00765cam a22002533a 4500
001 9090
003 PGUSA
005 20140828083208.0
008 051001s2005||||xxu|||||s|||||000 | eng d
040 _aPGUSA
_beng
042 _adc
050 4 _aPA
100 1 _aTacitus, Cornelius,
_d56-117
245 1 0 _aGermania and Agricola
_h[electronic resource] /
_cCornelius Tacitus
260 _bProject Gutenberg,
_c2005
506 _aPublic domain in the USA.
516 _aElectronic text
653 _aAgricola, Gnaeus Julius, 40-93
653 _aStatesmen -- Rome -- Biography -- Early works to 1800
653 _aGermanic peoples -- Early works to 1800
830 0 _aProject Gutenberg
_v9090
856 4 0 _uhttp://www.gutenberg.org/ebooks/9090
942 _cEB
999 _c238374
_d238374